000 00874nam a2200253 i 4500
001 181079
003 ES-MaACL
005 20231007205017.0
008 121016s2011 sp a | |||||||| | spa d
020 _a978-84-670-3560-5
080 _a355.48(460)
080 _a355.49(460)
100 1 _aMartínez Laínez, Fernando.
_978174
245 1 0 _aVientos de gloria :
_bgrandes victorias de la historia de España /
_cFernando Martínez Laínez.
260 _aBarcelona :
_bEspasa,
_cD.L. 2011.
300 _a334 p. :
_bil., mapas ;
_c24 cm.
490 1 _aEspasa fórum
504 _aBibliografía: p. 315-322. Índice.
650 4 _aBatallas-
_zEspaña-
_vHistoria.
_9151622
830 0 _aEspasa fórum
_9179708
852 _aES-MaACL
_jA-12298
_9187962
_bR.1482275
_cDEPO1
_dOlim: N-5303
_xDonación: Juan M. García
942 _2udc
_cMONOGRAFIA
999 _c181079
_d181079